000 00568nam a22001217a 4500
008 090802t xxu||||| |||| 00| 0 eng d
082 _a301.21
_bك س ب
245 _aالغرب وكتابة التاريخ بدم الآخر:
_b/خرافة صراع الحضارات
_cطه محمد كسبه
300 _a152 ؛ ص
_c18 سم
650 _98287
_aالصراع الثقافى
942 _2ddc
_cBB
999 _c12492
_d12492